| 000 | 00399nam a2200133Ia 4500 | ||
|---|---|---|---|
| 008 | 260210s9999 xx 000 0 und d | ||
| 024 | _aNA | ||
| 082 | _a005.7565072 ASH | ||
| 100 | _aFarah Ashfaq, Shomaela Taqee, Munawar H. Shamsi & Abdul Moid | ||
| 245 | 0 | _aONLINE dATABASE | |
| 260 |
_aKarachi: _bUITU, _c1996 |
||
| 600 | _aComputer System Engineering | ||
| 650 | _aBachelor of Engineering (BE) | ||
| 999 |
_c32609 _d32609 |
||